00450cam a2200169ua 45000010005000000080039000050200022000440400009000660820011000752450043000862500012001292600041001413000012001826530015001946530043002097000028002526655140308n ii |||gr||||Z||||||eng a978-81-920658-0-9 cMAIN a338.04 aEntrepreneurship for rural development a1st ed. aJorhat:bAsom jatiya prokash,c2011. ax,250p. aProduction aEntrepreneurship for rural development aSaikia,Apurba,eAuthor.